| 000 | 00629nam a22001937a 4500 | ||
|---|---|---|---|
| 005 | 20131219115721.0 | ||
| 010 | _aENG-108905 | ||
| 020 |
_a9789381142981 _c675.00 |
||
| 035 | _aEN-92438 | ||
| 037 | _bDBAD/PUB | ||
| 082 | _a331 | ||
| 100 | _a Zahir Hussain, B. | ||
| 245 |
_aCorporate governance labour management and industrial relations / _cby B. Zahir Hussain |
||
| 260 |
_aNew Delhi _bManglam Publications _c2013 |
||
| 270 |
_aK-129 Gali No.3 Near Shiv Om Jwelers 3-1/2 Pusta Gautam Vihar _bNew Delhi _e110053 |
||
| 300 |
_a180p. _c22cm(Hb) |
||
| 500 | _aIncludes index | ||
| 942 |
_2ddc _cEN _mZAH _h331 |
||
| 999 |
_c81264 _d81264 |
||